000 00559nam a2200193Ia 4500
008 251121s9999 xx 000 0 und d
020 _a8449964660
082 _a332.4 K33d 1983 HNA
100 _aKenneth Galbraith, John
_934509
245 0 _aEl dinero De dónde vino / Adónde fue.
260 _aHyspamerica Ediciones Argentina
260 _bBuenos Aires, Argentina
260 _c1983
300 _a361p.
500 _aColección Humberto Nogueira Alcalá
650 _aDinero
_91153
650 _aHistoria económica
_94432
942 _cLIBRO
_2ddc
999 _c19496
_d19496